00651nam a2200193Ia 4500008004100000020001800041082001400059100001800073245006300091250000800154260004200162300002300204500001900227600003300246650001600279942000700295952013800302999001700440240925s9999 xx 000 0 und d a9789332519053 a519.5 MIL aMiller, Irwin 0aJohn E. Freund's Mathematical Statistics with Applications a8th aNew Delhi:bPearson Educationc,2014. a468p.b0fOriginal aIncludes Index aHumanities & Natural Science aMathematics cBK 001040708HUMaUITUbUITUd2019-01-12eBook World Internationalg2028.00l0o519.5 MILpQ13436r2024-09-25 07:16:51w2024-09-25yBK c15935d15935